=LDR 00000nam 2200000 4500 =001 INLIS000000000056163 =005 20200824085230 =035 ##$$a 0010-0820000304 =007 ta =008 200824###########################0#eng## =020 ##$$a 962-593-888-5 =082 ##$$a 577.598 2 =084 ##$$a 577.598 2 whi t =245 1#$$a The Ecology of Java and Bali /$c Tony Whitten =300 ##$$a 969 halaman : $b Ilustrasi ; $c 24 cm =500 ##$$a Index: halaman 948-969 =650 #4$$a Ekologi - Jawa - Bali =264 ##$$a Singapore :$b Periplus Editions,$c 1996 =336 ##$$a teks$2 rdacontent =337 ##$$a lain-lain$2 rdamedia =338 ##$$a lain-lain$2 rdacarrier =990 ##$$a 29112911